000 00739 a2200169 4500
001 139237
040 _cLeonardo Da Vinci
041 _aPortuguês
082 _a658 S662i
_bS662i
100 _aSOCALSCHI, Brasílio
_aPONTE, Celso Alves da
_aSILVA, Edison Aurélio da
_aPRADO, Jonas Reginaldo
_aREZENDE, Leonardo Von Sohsten
_aGRECCO, Ronaldo
_aGALDI, Vanderlei Antonio
245 _aIniciação à administração
_bpreceitos básicos
260 _bPapelivros
_c1985
_aSão Paulo
300 _a162
362 _a19850000
697 _aAdministração
_aAdministração industrial
_aProcessos básicos
_aPlanejamento empresarial
_aPolítica empresarial
_aTomada de decisão
_aEstrutura organizacional
_aSistemática
_aLiderança
_aFIPEN
942 _cBK
999 _c139237
_d139237